Le protreptique
Saved in:
| Hovedforfatter: | |
|---|---|
| Format: | Bog |
| Sprog: | fransk |
| Udgivet: |
París
Du Cerf
1949
|
| Udgivelse: | 2a. ed |
| Serier: | Sources Chrétiennes. serie grecque, 2
|
| Fag: | |
| Tags: |
Tilføj Tag
Ingen Tags, Vær først til at tagge denne postø!
|
MARC
| LEADER | 00000nam a2200000 a 4500 | ||
|---|---|---|---|
| 001 | UCZ5184 | ||
| 003 | CL-VaPUC | ||
| 008 | 951117e19490000FR |||||||||||||||||fre|d | ||
| 082 | 0 | 4 | |a 239 |b CLE |2 21 |
| 100 | 0 | |a San Clemente de Alejandria |e author |9 349141 | |
| 245 | 1 | 3 | |a Le protreptique |
| 250 | |a 2a. ed | ||
| 300 | |a 213 p | ||
| 942 | |c BK | ||
| 945 | |d 19951117 00:00:00 |a cmena | ||
| 260 | |a París |b Du Cerf |c 1949 | ||
| 650 | 0 | |a Creencia |9 334586 | |
| 650 | 0 | |a Creencia Religiosa |9 316904 | |
| 650 | 0 | |a Iglesia Católica |9 256114 | |
| 650 | 0 | |a Cristianismo |9 257361 | |
| 650 | 0 | |a Teología |9 258766 | |
| 583 | |a last modification |c 19951117 00:00:00 |k Rodrigo Vera | ||
| 490 | 0 | |a Sources Chrétiennes. serie grecque, 2 | |
| 999 | |c 241506 |d 241504 | ||
| 952 | |0 0 |1 0 |4 0 |6 239_000000000000000_CLE_1949 |7 0 |8 P |9 253841 |a BIBEDU |b BIBEDU |c BIBEDU_PB |d 2019-11-19 |i 1572512 |o 239 CLE 1949 |p 1572512 |r 2024-01-25 |w 2019-11-19 |y BK |k FIL | ||